000 01502nam a22003857a 4500
003 CHAP
005 20220329143547.0
008 100531s2010 mx r 00010 spa d
010 _a98547
011 _a99519
035 _a110205
040 _cCHAP
090 _aTesis
100 1 _aCruz Hernández, Cuauhtémoc.
_929421
245 1 0 _aDeterminación de costos de extracción de agua subterránea en Chapingo, Estado de México
_c/por Cuautémoc Cruz Hernández
260 _aChapingo, Méx. :
_bEl autor,
_c2010
300 _avi, 89 h. :
_bcuadros, gráfs., mapas
502 _aTesis (Ing. en Irrigación) -- UACH. Departamento de Irrigación
530 _aTambién disponible en línea
590 _aALEPH
_b10
_c20130110
_lUCH01
_h1534
590 _aBATCH-UPD
_b10
_c20130110
_lUCH01
_h1614
590 _aBATCH-UPD
_b10
_c20130410
_lUCH01
_h1009
590 _aBATCH-UPD
_b10
_c20130914
_lUCH01
_h1106
590 _aBATCH-UPD
_b10
_c20140324
_lUCH01
_h1517
590 _aBATCH-UPD
_b10
_c20141002
_lUCH01
_h0843
590 _aCONVERSION
_b10
_c20130109
_lUCH01
_h1354
650 1 4 _aAgua subterranea
_zMexico (Edo.).
_92488
650 1 4 _aAgua
_xAbastecimiento
_xCostos.
_92238
650 1 4 _aPozos profundos
_xMéxico (Edo.)
_991214
856 _3Finding aid
_uhttp://10.13.5.2/tesis/110205.pdf
_zTeclea aqui
901 _aBK
942 _cFOLL
949 _aTesis
_bBC
_cTES
_d33724002173439
_eTS2
_fc.2
_gDonaciØn
_h50659
_i110205
_si
949 _aTesis
_bBC
_cTES
_d33724002173470
_eTS1
_gDonaciØn
_h50658
_i110205
_sb
999 _c98547
_d98547